Регионална библиотека "Любен Каравелов" - Русе

Балканският принц (Запис номер 95358)

MARC детайли
000 -Лидер
Контролно поле с фиксирана дължина 01225nam a2200313 c 4500
003 - Код на организацията, давaща контролен номер
Контролно поле BLK
005 - Дата и час на последна редакция
Контролно поле 20250312152753.0
008 - Елементи от данни с фиксирана дължина
fixed length control field 180409b bul|||||r ||||||| ||bul||
010 ## - Наследен системен номер
LC control number KNG00100213000
020 ## - Международен стандартен номер на книга ISBN
Международен стандартен номер на книга ISBN 954-07-1542-3
-- издат.: Унив. изд. Св. Климент Охридски
040 ## - Източник на каталожния запис
Идентификатор на билиотеката - собственик на записа BLK
041 ## - Код за език
Код за езика на текст/звукозапис или на отделно заглавие Български
Код за езика КДБФ Български
080 ## - УДК
Текстов определител УДК Българска литература
УДК код - определител по УДК 821.163.2
УДК определител -31
УДК - код + определител 821.163.2-31
100 1# - Редна дума - Автор
Автор Левчев, Владимир Любомиров
Дати, свързани с автора 1957-
Автор - информация (биография) Поет, писател, изкуствовед. Преводач от английски и руски език
R(LIN) 88159
139 ## - Редно поле
Редна дума Левчев, Владимир Любомиров
Авторски знак Левс - Л 36
245 10 - Сведения за заглавието
Заглавие Балканският принц
Подзаглавни данни Роман
Редно поле (дума) Владимир Любомиров Левчев.
257 ## - Страна на издаване
Страна на създаване/издаване България
260 ## - Област на издателските данни
-- София
Име на издателя, разпространителя и проч. Унив. изд. Св. Климент Охридски
Година на издаване 2001
300 ## - Физическа характеристика
Страници 160 с.
Размери/Мащаб 20 см
380 ## - Жанр
Жанр Худож. лит.
500 ## - Общи забележки
Забележка Офс. изд.
653 ## - Ключова дума – ненормативна
Ключова дума романи
852 ## - Местоположение
Форматна сигнатура Цб 210475
856 4# - Електронен адрес и достъп
Електронен формат pdf - файл
Път до файла /url/
856 4# - Електронен адрес и достъп
Електронен формат pdf - файл
Път до файла /url/
942 ## - АРТИКУЛИ
Вид на библиотечния материал Книги
Скрит в OPAC Не
944 ## - СЪЗДАВАНЕ И РЕДАКЦИЯ на ЗАПИСА
Създаване/Редакция Създаване
Дата на регистрацията/редакция 01.01.2001
Служител, извършил регистрацията/редакцията 30560
Статус, дата на статуса Геновева Генчева
944 ## - СЪЗДАВАНЕ И РЕДАКЦИЯ на ЗАПИСА
Създаване/Редакция Редакция
Дата на регистрацията/редакция 14.02.2005
Служител, извършил регистрацията/редакцията
999 ## - СИСТЕМНИ КОНТРОЛНИ НОМЕРА
Koha biblionumber 95358
Koha biblioitemnumber 95358
Наличности
Код за отписване Код за изгубен артикул Източник на класификационната схема Код за повреда Коз за рестрикции Код за отдаване Артикулен № Име на библиотеката - собственик Име на библиотеката, в която се намира в момента Статус (Текущо местоположение) Дата на вписване в системата Местоположение - отдел Цена в лева Инвентарен номер Систематично азбучна сигнатура Баркод Номер на екземпляра Цена в евро Служебна бележка Служебен тип на артикула
  Не е изгубен Universal Decimal Classification Не е повреден без рестрикции ползва се в читалня 153128 Регионална библиотека "Любен Каравелов" Русе Регионална библиотека "Любен Каравелов" Русе Хранилище 2001-10-10 Хранилище 0.00 668424 Цб 210475 120000668424 1 0.00 Дост: Dp Вид: Д N: 42 Дата: 10.10.2001 Книги
Vip Innovations Ltd, Rousse, Bulgaria 2025